El Espíritu de cruzada española y la ideología de la colonización de América /
Shranjeno v:
| Glavni avtor: | |
|---|---|
| Format: | Neznan |
| Jezik: | Spanish |
| Izdano: |
San José, Costa Rica :
Alma Mater,
1978.
|
| Teme: | |
| Oznake: |
Označite
Brez oznak, prvi označite!
|
MARC
| LEADER | 000000000a22000000004500 | ||
|---|---|---|---|
| 001 | 003988 | ||
| 020 | |a 9977490007 | ||
| 041 | 0 | |a spa | |
| 082 | 0 | 4 | |a 325.80 |b M337L |
| 100 | 1 | |a Marín Guzmán, Roberto | |
| 245 | 1 | 3 | |a El Espíritu de cruzada española y la ideología de la colonización de América / |c Roberto Marín Guzmán. |
| 260 | 1 | |a San José, Costa Rica : |b Alma Mater, |c 1978. | |
| 300 | |a 178 páginas : |b ilustraciones | ||
| 500 | |a Originalmente presentada como la tesis de grado | ||
| 650 | 4 | |a AMERICA | |
| 650 | 4 | |a HISTORIA | |
| 650 | 4 | |a CONQUISTA Y COLONIZACION | |
| 650 | 4 | |a ESPAÑA | |
| 650 | 4 | |a SIGLO XVI | |
| 650 | 4 | |a INQUISICION | |
| 650 | 4 | |a COSTA RICA | |
| 650 | 4 | |a CRUZADA ESPAÑOLA | |
| 999 | |c 10317 |d 10317 | ||
| 942 | |c BK |h 325.80 M337L |2 z | ||



